Kintetsu series - Statistics

General Stats
  • This quiz has been taken 7 times
  • The average score is 60 of 88
Answer Stats
Answer % Correct
1430
100%
21020
100%
8000
100%
80000
100%
モト90
100%
1000
80%
1010
80%
1200
80%
1240
80%
12400
80%
1420
80%
1422
80%
16000
80%
2000
80%
21000
80%
22000
80%
22600
80%
23000
80%
モワ24
80%
30000
80%
3200
80%
3220
80%
50000
80%
5200
80%
5209
80%
5211
80%
5800
80%
5820
80%
6200
80%
6400
80%
6600
80%
7000
80%
7020
80%
8400
80%
8600
80%
8800
80%
8810
80%
9000
80%
9020
80%
9200
80%
9820
80%
コ11
80%
1021
60%
1026
60%
1201
60%
1220
60%
1230
60%
1233
60%
12410
60%
1249
60%
1252
60%
1253
60%
1254
60%
12600
60%
1400
60%
1435
60%
1436
60%
1437
60%
1440
60%
15200
60%
15400
60%
16010
60%
1620
60%
1810
60%
20000
60%
2050
60%
2410
60%
2430
60%
26000
60%
2610
60%
2800
60%
6407
60%
6413
60%
6820
60%
コ15
60%
1031
40%
1259
40%
16200
40%
16400
40%
16600
40%
19200
40%
2013
40%
2444
40%
6020
40%
6419
40%
6422
40%
6432
40%
6620
40%
No matching quizzes found
Score Distribution
Percent of People with Each Score
Percentile by Number Answered
Your Score History
You have not taken this quiz